| 000 | 00613aam a2200193 4500 | ||
|---|---|---|---|
| 005 | 20210223120409.0 | ||
| 008 | 991125s1964 mx 000 0 spa u | ||
| 035 | _aUPN01000000140 | ||
| 049 | _aCG | ||
| 050 | 4 |
_aLB775 J5 _bM35 |
|
| 245 | 0 | 0 |
_aA la memoria de Alberto Jiménez Fraud / _cJosé María García Lara ... [et al.]. |
| 260 |
_aMéxico : _b[s.n.], _c1964. |
||
| 300 | _a80 p. | ||
| 500 | _a"Fondo histórico médico Doctor Germán Somolinos" | ||
| 600 | 1 | 4 |
_aJIMENEZ FRAUD, ALBERTO, _d1882-1964 |
| 650 | 4 |
_aEDUCADORES ESPAÑOLES _918904 |
|
| 700 | 1 |
_aGarcía Lara, José María, _ecoaut. |
|
| 905 | _aLibro | ||
| 999 |
_c140 _d140 |
||